000 00593cam a22002053a 4500
001 35256
003 PGUSA
005 20140828083747.0
008 110212s2011||||xxu|||||s|||||000 | eng d
040 _aPGUSA
_beng
042 _adc
100 1 _aBrawley, Benjamin Griffith,
_d1882-1939
245 1 0 _aYour Negro Neighbor
_h[electronic resource] /
_cBenjamin Griffith Brawley
260 _bProject Gutenberg,
_c2011
506 _aPublic domain in the USA.
516 _aElectronic text
830 0 _aProject Gutenberg
_v35256
856 4 0 _uhttp://www.gutenberg.org/ebooks/35256
942 _cEB
999 _c264511
_d264511